Information systems administration (Record no. 1250074)

MARC details
000 -LEADER
fixed length control field 00551nam a2200181Ia 4500
005 - DATE AND TIME OF LATEST TRANSACTION
control field 20250317123141.0
008 - FIXED-LENGTH DATA ELEMENTS--GENERAL INFORMATION
fixed length control field 008 250317s9999 xx 000 0 eng d
040 ## - CATALOGING SOURCE
Original cataloging agency FMSL
Language of cataloging eng
Transcribing agency FMSL
041 ## - LANGUAGE CODE
Language code of text/sound track or separate title eng
Source of code eng
084 ## - COLON CLASSIFICATION NUMBER
Classification number D658(2:55)obX:8 N9
Assigning agency FMSL
100 ## - MAIN ENTRY--PERSONAL NAME
Personal name Mcfarlan F W
9 (RLIN) 735662
245 #0 - TITLE STATEMENT
Title Information systems administration
260 ## - PUBLICATION, DISTRIBUTION, ETC.
Place of publication, distribution, etc. London Holt
Name of publisher, distributor, etc. London Holt, Rinehart
Date of publication, distribution, etc. 1969
300 ## - PHYSICAL DESCRIPTION
Extent 143p
942 ## - ADDED ENTRY ELEMENTS (KOHA)
Koha item type Textbook
Classification part D658(2:55)obX:8 N9

No items available.

Copyright @ Delhi University Library System